<?xml version="1.0" encoding="UTF-8"?>
<record
    xmlns:xsi="http://www.w3.org/2001/XMLSchema-instance"
    xsi:schemaLocation="http://www.loc.gov/MARC21/slim http://www.loc.gov/standards/marcxml/schema/MARC21slim.xsd"
    xmlns="http://www.loc.gov/MARC21/slim">

  <leader>00324nam a22001337a 4500</leader>
  <controlfield tag="008">241019b        |||||||| |||| 00| 0 eng d</controlfield>
  <datafield tag="020" ind1=" " ind2=" ">
    <subfield code="a">9789354660443</subfield>
  </datafield>
  <datafield tag="040" ind1=" " ind2=" ">
    <subfield code="a">02</subfield>
  </datafield>
  <datafield tag="100" ind1=" " ind2=" ">
    <subfield code="a">ALAGARSAMY,V.</subfield>
  </datafield>
  <datafield tag="245" ind1=" " ind2=" ">
    <subfield code="a">PHARMACEUTICAL CHEMISTRY OF NATURAL PRODUCTS</subfield>
  </datafield>
  <datafield tag="260" ind1=" " ind2=" ">
    <subfield code="a">NEW DELHI</subfield>
    <subfield code="b">CBS</subfield>
    <subfield code="c">2021</subfield>
  </datafield>
  <datafield tag="300" ind1=" " ind2=" ">
    <subfield code="a">774</subfield>
  </datafield>
  <datafield tag="942" ind1=" " ind2=" ">
    <subfield code="c">01</subfield>
  </datafield>
  <datafield tag="999" ind1=" " ind2=" ">
    <subfield code="c">64487</subfield>
    <subfield code="d">64487</subfield>
  </datafield>
  <datafield tag="952" ind1=" " ind2=" ">
    <subfield code="0">0</subfield>
    <subfield code="1">0</subfield>
    <subfield code="2">ddc</subfield>
    <subfield code="4">0</subfield>
    <subfield code="6">545_000000000000000_3ALA</subfield>
    <subfield code="7">0</subfield>
    <subfield code="9">538606</subfield>
    <subfield code="a">02</subfield>
    <subfield code="b">02</subfield>
    <subfield code="d">2024-10-19</subfield>
    <subfield code="e">ARISTA</subfield>
    <subfield code="g">795.00</subfield>
    <subfield code="l">0</subfield>
    <subfield code="o">545.3(ALA)</subfield>
    <subfield code="p">02-B-14414</subfield>
    <subfield code="r">2024-10-19</subfield>
    <subfield code="w">2024-10-19</subfield>
    <subfield code="y">01</subfield>
  </datafield>
  <datafield tag="952" ind1=" " ind2=" ">
    <subfield code="0">0</subfield>
    <subfield code="1">0</subfield>
    <subfield code="2">ddc</subfield>
    <subfield code="4">0</subfield>
    <subfield code="6">545_000000000000000_3ALA</subfield>
    <subfield code="7">0</subfield>
    <subfield code="9">538607</subfield>
    <subfield code="a">02</subfield>
    <subfield code="b">02</subfield>
    <subfield code="d">2024-10-19</subfield>
    <subfield code="e">ARISTA</subfield>
    <subfield code="g">795.00</subfield>
    <subfield code="l">0</subfield>
    <subfield code="o">545.3(ALA)</subfield>
    <subfield code="p">02-B-14415</subfield>
    <subfield code="r">2024-10-19</subfield>
    <subfield code="w">2024-10-19</subfield>
    <subfield code="y">01</subfield>
  </datafield>
  <datafield tag="952" ind1=" " ind2=" ">
    <subfield code="0">0</subfield>
    <subfield code="1">0</subfield>
    <subfield code="2">ddc</subfield>
    <subfield code="4">0</subfield>
    <subfield code="6">545_000000000000000_3ALA</subfield>
    <subfield code="7">0</subfield>
    <subfield code="9">538608</subfield>
    <subfield code="a">02</subfield>
    <subfield code="b">02</subfield>
    <subfield code="d">2024-10-19</subfield>
    <subfield code="e">ARISTA</subfield>
    <subfield code="g">795.00</subfield>
    <subfield code="l">0</subfield>
    <subfield code="o">545.3(ALA)</subfield>
    <subfield code="p">02-B-14416</subfield>
    <subfield code="r">2024-10-19</subfield>
    <subfield code="w">2024-10-19</subfield>
    <subfield code="y">01</subfield>
  </datafield>
  <datafield tag="952" ind1=" " ind2=" ">
    <subfield code="0">0</subfield>
    <subfield code="1">0</subfield>
    <subfield code="2">ddc</subfield>
    <subfield code="4">0</subfield>
    <subfield code="6">545_000000000000000_3ALA</subfield>
    <subfield code="7">0</subfield>
    <subfield code="9">538609</subfield>
    <subfield code="a">02</subfield>
    <subfield code="b">02</subfield>
    <subfield code="d">2024-10-19</subfield>
    <subfield code="e">ARISTA</subfield>
    <subfield code="g">795.00</subfield>
    <subfield code="l">0</subfield>
    <subfield code="o">545.3(ALA)</subfield>
    <subfield code="p">02-B-14417</subfield>
    <subfield code="r">2024-10-19</subfield>
    <subfield code="w">2024-10-19</subfield>
    <subfield code="y">01</subfield>
  </datafield>
  <datafield tag="952" ind1=" " ind2=" ">
    <subfield code="0">0</subfield>
    <subfield code="1">0</subfield>
    <subfield code="2">ddc</subfield>
    <subfield code="4">0</subfield>
    <subfield code="6">545_000000000000000_3ALA</subfield>
    <subfield code="7">0</subfield>
    <subfield code="9">538610</subfield>
    <subfield code="a">02</subfield>
    <subfield code="b">02</subfield>
    <subfield code="d">2024-10-19</subfield>
    <subfield code="e">ARISTA</subfield>
    <subfield code="g">795.00</subfield>
    <subfield code="l">0</subfield>
    <subfield code="o">545.3(ALA)</subfield>
    <subfield code="p">02-B-14418</subfield>
    <subfield code="r">2024-10-19</subfield>
    <subfield code="w">2024-10-19</subfield>
    <subfield code="y">01</subfield>
  </datafield>
</record>
